01262nam a2200325Ia 4500001001200000003000800012006001900020007001500039008004100054020002200095020002500117020002200142020002500164040002100189035002100210050002400231100002600255245009700281260004000378300002200418504005100440533015200491650002100643650002000664650005000684655002900734710003000763710001700793856012600810ebr10285484CaPaEBRm u cr cn|||||||||080728s2009 enka sb 001 0 eng d z1847351069 (hbk.) z9781847351067 (hbk.) z1847351050 (pbk.) z9781847351050 (pbk.) aCaPaEBRcCaPaEBR a(OCoLC)64680717914aTS1892b.C45 2009eb1 aChandrasekaran, V. C.10aTank linings for chemical process industriesh[electronic resource] /cV. C. Chandrasekaran. aShrewsbury, UK :biSmithers,c2009. ax, 157 p. :bill. aIncludes bibliographical references and index. aElectronic reproduction.bPalo Alto, Calif. :cebrary,d2009.nAvailable via World Wide Web.nAccess may be limited to ebrary affiliated libraries. 0aRubber coatings. 0aTanksxLinings. 0aChemical engineeringxEquipment and supplies. 7aElectronic books.2local2 aRapra Technology Limited.2 aebrary, Inc.40uhttp://site.ebrary.com/lib/rucke/Doc?id=10285484zAn electronic book accessible through the World Wide Web; click to view